| 000 | 01114cam a22003257a 4500 | ||
|---|---|---|---|
| 003 | CHAP | ||
| 005 | 20220329142126.0 | ||
| 008 | 990825d1995 es a r 00110 spa d | ||
| 010 | _a78840 | ||
| 011 | _a79812 | ||
| 035 | _a90220 | ||
| 040 | _cCHAP | ||
| 082 | 0 | 4 |
_a636.08 _bB83 |
| 100 | 0 | 0 |
_aBuxadé Carbó, Carlos Isidro _ecoord. _916476 |
| 245 | 1 | 0 |
_aZootecnia : _bbases de producción animal : monografía _c/coord. por Carlos Buxadé Carbó |
| 260 |
_aMéxico, D. F. : _bMundi-Prensa, _c1998- . |
||
| 300 |
_av. _bilus. ; cuadros |
||
| 500 | _aLa biblioteca tiene : v.2 Alojamientos e instalaciones ganaderas | ||
| 590 |
_aBATCH-UPD _b10 _c20130110 _lUCH01 _h1830 |
||
| 590 |
_aBATCH-UPD _b10 _c20130410 _lUCH01 _h1203 |
||
| 590 |
_aBATCH-UPD _b10 _c20130914 _lUCH01 _h1502 |
||
| 590 |
_aCONVERSION _b10 _c20130109 _lUCH01 _h1344 |
||
| 650 | 1 | 4 |
_aGanadería. _944604 |
| 650 | 1 | 4 |
_aGanado _xAlojamiento. _944890 |
| 650 | 1 | 4 |
_aLeche _xProducción. _965400 |
| 901 | _aBK | ||
| 905 | _aGuadalupe Pinto C. | ||
| 942 | _cLIBRO | ||
| 949 |
_a636.08 B83 _bBC _cLIBRO _d33724002038314 _eLIBRO _fv.2 _gI.198976 _h96130 _i90220 _si |
||
| 999 |
_c78840 _d78840 |
||